header

Radiologic science for technologists : (Record no. 265741)

MARC details
000 -LEADER
fixed length control field 01148cam a22003494a 4500
001 - CONTROL NUMBER
control field 15102571
003 - CONTROL NUMBER IDENTIFIER
control field OSt
005 - DATE AND TIME OF LATEST TRANSACTION
control field 20260121142252.0
008 - FIXED-LENGTH DATA ELEMENTS--GENERAL INFORMATION
fixed length control field 071204s2008 moua 000 0 eng
010 ## - LIBRARY OF CONGRESS CONTROL NUMBER
LC control number 2007942686
020 ## - INTERNATIONAL STANDARD BOOK NUMBER
International Standard Book Number 9780323048378
Qualifying information hardcover : alk. paper
035 ## - SYSTEM CONTROL NUMBER
System control number 15102571
040 ## - CATALOGING SOURCE
Original cataloging agency DLC
Transcribing agency DLC
Modifying agency DLC
050 00 - LIBRARY OF CONGRESS CALL NUMBER
Classification number R895
Item number .B86 2008
082 00 - DEWEY DECIMAL CLASSIFICATION NUMBER
Classification number 616.07/57
Edition number 22
100 1# - MAIN ENTRY--PERSONAL NAME
Personal name Bushong, Stewart C.
245 10 - TITLE STATEMENT
Title Radiologic science for technologists :
Remainder of title physics, biology, and protection /
Statement of responsibility, etc Stewart Carlyle Bushong.
250 ## - EDITION STATEMENT
Edition statement 9th ed.
260 ## - PUBLICATION, DISTRIBUTION, ETC. (IMPRINT)
Place of publication, distribution, etc St. Louis, Mo. :
Name of publisher, distributor, etc Mosby/Elsevier,
Date of publication, distribution, etc c2008.
300 ## - PHYSICAL DESCRIPTION
Extent xiii, 685 p. :
Other physical details ill. (some col.) ;
Dimensions 28 cm.
336 ## - CONTENT TYPE
Content type term text
Content type code txt
Source rdacontent
337 ## - MEDIA TYPE
Media type term unmediated
Media type code n
Source rdamedia
338 ## - CARRIER TYPE
Carrier type term volume
Carrier type code nc
Source rdacarrier
500 ## - GENERAL NOTE
General note Includes index.
650 #0 - SUBJECT ADDED ENTRY--TOPICAL TERM
Topical term or geographic name as entry element Medical radiology.
Topical term or geographic name as entry element Medical physics.
Topical term or geographic name as entry element Medical radiology
General subdivision Safety measures.
906 ## - LOCAL DATA ELEMENT F, LDF (RLIN)
a 7
b cbc
c orignew
d 2
e epcn
f 20
g y-gencatlg
942 ## - ADDED ENTRY ELEMENTS (KOHA)
Source of classification or shelving scheme Library of Congress Classification
Koha item type Long Loan Books
Holdings
Withdrawn status Lost status Source of classification or shelving scheme Damaged status Not for loan Collection code Home library Current library Shelving location Date acquired Source of acquisition Total Checkouts Full call number Barcode Date last seen Price effective from Koha item type
    Library of Congress Classification     Non-fiction Rongo University Library Rongo University Library General Stacks 21/01/2026 Books for Africa, Donation   R895 .B86 2008 20261129 21/01/2026 21/01/2026 Long Loan Books

© 2026 Rongo University
Contact us: librarian | system librarian | Rongo university